| 000 | 00789nam a2200265Ia 4500 | ||
|---|---|---|---|
| 003 | OSt | ||
| 005 | 20221007101314.0 | ||
| 006 | a|||||r|||| 00| 0 | ||
| 007 | ta | ||
| 008 | 221006b |||||||| |||| 00| 0 eng d | ||
| 020 | _a0815621533 | ||
| 024 | _a6,217 | ||
| 037 | _cTextual | ||
| 040 |
_aLCO _cLCO _beng |
||
| 041 |
_2eng _aeng |
||
| 082 | _aZ1,135, L1 | ||
| 100 |
_aDawson Frank Griffith _9702843 |
||
| 245 | 0 | _aInternational Law National Tribunals and the Rights of Aliens | |
| 260 |
_aNew _bYork Syracuse University Press U.S.A. _c1971 |
||
| 300 | _a334 | ||
| 650 |
_aINTERNATIONAL LAW AND RIGHTS OF ALIENS _9702844 |
||
| 700 |
_a Head Ivan L. _9702845 |
||
| 942 |
_hZ1,135, L1 _cTEXL |
||
| 999 |
_c1175780 _d1175780 |
||